Wyspy Europy - Statystyki

Ogólne statystyki
  • Ten quiz został rozwiązany 210 razy
  • Średni wynik to 8 z 10
Statystyki odpowiedzi
Nazwa wyspy Kraj % Poprawnych
Rodos Grecja
85%
Miniorka Hiszpania
85%
Orkady Wielka Brytania
82%
Olandia Szwecja
81%
Gotlandia Szwecja
81%
Zelandia Dania
80%
Wolin Polska
77%
Azory Portugalia
68%
Rugia Niemcy
63%
Sarema Estonia
51%
Nie znaleziono quizów pasujących do podanych kryteriów
Rozkład punktacji
Procent ludzi z każdym wynikiem
Percentyl według liczby udzielonych odpowiedzi
Twoja historia wyników
Nie rozwiązałeś tego quizu